01158nam a22002654a 4500001000400000003000800004005001700012008004100029020001800070040000800088041001300096082001500109100002300124240003900147245004300186260004300229300001300272520047300285650002500758650002000783650002200803650003000825655002100855655001600876509BR-RjBN20260520081508.0180322s2018 rj 000 f por d a9788551003053 bpor1 aporheng a813bA333c aAlbertalli, Becky.10aSimon vs. the Homo Sapiens Agenda.10aCom amor, Simonb /cBecky Albertalli. aRio de Janeiro :bIntrínseca,c2018. a272 p. ; aEncantadora história de amor que questiona os padrões sociais, a obra acompanha Simon Spier, um adolescente de dezesseis anos que é gay, mas ainda não revelou sua orientação sexual para a família e os amigos. Enquanto troca e-mails com um garoto misterioso conhecido como Blue, Simon precisa lidar com dúvidas, inseguranças e uma chantagem inesperada. Com leveza e humor, o romance aborda identidade, aceitação e amadurecimento na adolescência. 0aLiteratura Americana 0aAdolescência. 0aHomossexualidade. 0aRelacionamentos amorosos. 0aRomance juvenil. 0aFicção.